000 005540000a22001810004500
001 768714001
003 CO-MdFUSB
005 20170505112026.0
008 170505s1997 sp ||||| |||| 00| 0 spa d
040 _aCO-MdFUSB
_bspa
_cCO-MdFUSB
_dCO-MdFUSB
041 _aspa
100 1 _aSire, James W.
_eautor
245 1 0 _aShirley Maclaine y el movimiento de la Nueva Era
300 _aVolumen 4, (1997) Páginas 5 - 25
_c21 cm.
546 _aTexto en español
773 0 _tAndamio
_049451
_960433
_gVolumen 4, (1997) Páginas 5 - 25
_qPágina 5
942 _cANA
999 _c49828
_d49828